Report to the President; (Record no. 36998)

MARC details
000 -LEADER
fixed length control field 00810cam a22002171 4500
001 - CONTROL NUMBER
control field l 59000058
003 - CONTROL NUMBER IDENTIFIER
control field DLC
005 - DATE AND TIME OF LATEST TRANSACTION
control field 20260227111545.0
008 - FIXED-LENGTH DATA ELEMENTS--GENERAL INFORMATION
fixed length control field 840403s1959 dcu f000 0 eng c
010 ## - LIBRARY OF CONGRESS CONTROL NUMBER
LC control number l 59000058
035 ## - SYSTEM CONTROL NUMBER
System control number (OCoLC)10586467
040 ## - CATALOGING SOURCE
Original cataloging agency U.S. Dept. of Labor Library
Transcribing agency AMAU
Modifying agency DLC
042 ## - AUTHENTICATION CODE
Authentication code premarc
050 00 - LIBRARY OF CONGRESS CALL NUMBER
Classification number HD5325
Item number .I5 1959.U5
110 1# - MAIN ENTRY--CORPORATE NAME
Corporate name or jurisdiction name as entry element United States.
Subordinate unit Board of Inquiry to Report on a Labor Dispute Affecting the Steel Industry.
245 00 - TITLE STATEMENT
Title Report to the President;
Remainder of title the 1959 labor dispute in the steel industry, submitted by the Board of Inquiry under Executive orders 10843 and 10848.
260 ## - PUBLICATION, DISTRIBUTION, ETC.
Place of publication, distribution, etc. Washington,
Name of publisher, distributor, etc. U.S. Govt. Print. Off.,
Date of publication, distribution, etc. 1959.
300 ## - PHYSICAL DESCRIPTION
Extent iii, 40 p.
Dimensions 23 cm.
650 #0 - SUBJECT ADDED ENTRY--TOPICAL TERM
Topical term or geographic name entry element Steel Strike, 1959.
650 #0 - SUBJECT ADDED ENTRY--TOPICAL TERM
Topical term or geographic name entry element Iron and steel workers
Geographic subdivision United States.

No items available.

Powered by Koha